000 00413 a2200157 4500
999 _c12728
_d12728
003 OSt
005 20240711161059.0
008 240711b ||||| |||| 00| 0 eng d
020 _a9783764357337
082 _a720.92
100 _aClaus Käpplinger
245 _aHansen + Petersen: Systeme = Systems, Bauten 1988-1998 = Buildings 1988-1998
260 _b‎ Birkhäuser
_c1998
300 _a157p;
942 _2ddc